000 00212nam a22000857a 4500
008 170621b xxu||||| |||| 00| 0 eng d
100 _93616
_aNCERT
245 _aLab Manual Science -XI
260 _aNew Delhi
_bNCERT
_c2008
999 _c7004
_d7004